000
00257nam a2200109Ia 4500
008
240625s9999 xx 000 0 und d
041
_a
eng
082
_a
658.4 KOC
100
_a
KOCK NED
245
_a
SYSTEMS ANALYSIS AND DESIGN FUNDAMENTALS
260
_c
2008
999
_c
34272
_d
34272